[Event "BL2-Sued 9394"]
[Site "Germany"]
[Date "1994.??.??"]
[Round "?.1"]
[White "Neurohr, Stephan"]
[Black "Darga, Klaus"]
[Result "1/2-1/2"]
[WhiteElo "2330"]
[BlackElo "2455"]
[PlyCount "57"]
[EventDate "1993.10.??"]
[EventType "team-tourn"]
[EventRounds "9"]
[EventCountry "GER"]
[SourceTitle "GER-chT2"]
[Source "ChessBase"]
[SourceDate "1999.07.01"]
[SourceVersion "1"]
[SourceVersionDate "1999.07.01"]
[SourceQuality "1"]
[WhiteTeam "Heidelberg"]
[BlackTeam "Sindelfingen"]
[WhiteTeamCountry "GER"]
[BlackTeamCountry "GER"]

1. e4 c5 2. Nf3 e6 3. d4 cxd4 4. Nxd4 a6 5. Nc3 Qc7 6. Be2 Nf6 7. 0-0 Nc6 8. Be3 Be7 9. f4 d6 10. Qe1 0-0 11. Qg3 Bd7 12. e5 dxe5 13. fxe5 Nxe5 14. Bf4 Bd6 15. Rad1 Rad8 16. Nb3 Nd5 17. Nxd5 exd5 18. Rxd5 f6 19. Nd4 Bc6 20. Ne6 Qe7 21. Rxd6 Rxd6 22. Nxf8 Qxf8 23. Bxe5 Re6 24. Qc3 Bd5 25. Rd1 Rxe5 26. Rxd5 Rxd5 27. Bc4 Qc5+ 28. Kf1 Kf8 29. Bxd5 1/2-1/2

[Event "BL2-Sued 9394"]
[Site "Germany"]
[Date "1993.??.??"]
[Round "?.1"]
[White "Neurohr, Stephan"]
[Black "Mokry, Karel"]
[Result "0-1"]
[WhiteElo "2330"]
[BlackElo "2520"]
[PlyCount "124"]
[EventDate "1993.10.??"]
[EventType "team-tourn"]
[EventRounds "9"]
[EventCountry "GER"]
[SourceTitle "GER-chT2"]
[Source "ChessBase"]
[SourceDate "1999.07.01"]
[SourceVersion "1"]
[SourceVersionDate "1999.07.01"]
[SourceQuality "1"]
[WhiteTeam "Heidelberg"]
[BlackTeam "Tuebingen"]
[WhiteTeamCountry "GER"]
[BlackTeamCountry "GER"]

1. e4 e5 2. Nf3 Nc6 3. Bb5 Nf6 4. 0-0 Nxe4 5. d4 Nd6 6. Bxc6 dxc6 7. dxe5 Nf5 8. Qxd8+ Kxd8 9. Rd1+ Ke8 10. Nc3 h6 11. h3 a5 12. Ne2 Bc5 13. g4 Ne7 14. Nf4 Be6 15. Nh5 Rg8 16. Nd4 Nd5 17. Nxe6 fxe6 18. c4 Nb6 19. b3 a4 20. Bb2 Kf7 21. Kf1 Rgd8 22. Rxd8 Rxd8 23. Ke2 Bb4 24. Rd1 Ra8 25. Kd3 axb3 26. axb3 Ra2 27. Rb1 Nd7 28. f4 Nc5+ 29. Ke3 Nxb3 30. Bc3 Bxc3 31. Rxb3 Ba5 32. Rd3 b5 33. cxb5 cxb5 34. Rd7+ Ke8 35. Rxg7 Ra3+ 36. Ke4 Ra4+ 37. Ke3 Bb6+ 38. Kd3 Ra3+ 39. Ke2 Ra2+ 40. Kf3 Ra3+ 41. Kg2 Ra2+ 42. Kf1 b4 43. Ke1 Kd8 44. f5 Kc8 45. fxe6 Bc5 46. Nf4 b3 47. Nd3 b2 48. Nxb2 Rxb2 49. e7 Kd7 50. e8Q+ Kxe8 51. Rxc7 Be3 52. Rh7 Rh2 53. Kf1 Bg5 54. Kg1 Rxh3 55. Kg2 Re3 56. Rb7 Rxe5 57. Kf3 Re3+ 58. Kf2 Ra3 59. Rb4 Kf7 60. Re4 Kg6 61. Kg2 Bc1 62. Rc4 Be3 0-1

[Event "BL2-Sued 9293"]
[Site "Germany"]
[Date "1993.??.??"]
[Round "?.1"]
[White "Neurohr, Stephan"]
[Black "Roeder, Mathias"]
[Result "1/2-1/2"]
[WhiteElo "2320"]
[BlackElo "2405"]
[PlyCount "54"]
[EventDate "1992.10.??"]
[EventType "team-tourn"]
[EventRounds "9"]
[EventCountry "GER"]
[SourceTitle "GER-chT2"]
[Source "ChessBase"]
[SourceDate "1999.07.01"]
[SourceVersion "1"]
[SourceVersionDate "1999.07.01"]
[SourceQuality "1"]
[WhiteTeam "Heidelberg"]
[BlackTeam "Saarbruecken"]
[WhiteTeamCountry "GER"]
[BlackTeamCountry "GER"]

1. d4 Nf6 2. c4 e6 3. Nc3 Bb4 4. Nf3 c5 5. g3 Nc6 6. Bg2 Ne4 7. Bd2 Nxd2 8. Qxd2 cxd4 9. Nxd4 Ne5 10. Nc2 Be7 11. b3 0-0 12. 0-0 a6 13. Rad1 Qc7 14. Nd4 Rb8 15. Kh1 b6 16. f4 Nc6 17. e4 Nxd4 18. Qxd4 d6 19. Qe3 Bb7 20. Rd3 Bc6 21. Rfd1 Rfd8 22. a4 b5 23. cxb5 axb5 24. axb5 Bxb5 25. Nxb5 Rxb5 26. Rc3 Qb8 27. Bf1 Rc5 1/2-1/2

[Event "BL2-Sued 9192"]
[Site "Germany"]
[Date "1992.??.??"]
[Round "?"]
[White "Heidenfeld, Mark"]
[Black "Neurohr, Stephan"]
[Result "1/2-1/2"]
[WhiteElo "2295"]
[BlackElo "2315"]
[PlyCount "35"]
[EventDate "1991.10.??"]
[EventType "team-tourn"]
[EventRounds "9"]
[EventCountry "GER"]
[SourceTitle "GER-chT2"]
[Source "ChessBase"]
[SourceDate "1999.07.01"]
[SourceVersion "1"]
[SourceVersionDate "1999.07.01"]
[SourceQuality "1"]

1. e4 c5 2. Nf3 d6 3. d4 cxd4 4. Nxd4 Nf6 5. Nc3 a6 6. Bg5 e6 7. f4 Be7 8. Qf3 Qc7 9. 0-0-0 Nbd7 10. Bxf6 Bxf6 11. g4 b5 12. Bxb5 Rb8 13. g5 Bxd4 14. Bxd7+ Bxd7 15. Rxd4 Qb6 16. Qd3 Qxb2+ 17. Kd2 Bb5 18. Nxb5 1/2-1/2

[Event "BL2-Sued 9192"]
[Site "Germany"]
[Date "1992.??.??"]
[Round "?"]
[White "Neurohr, Stephan"]
[Black "Beikert, Guenther"]
[Result "0-1"]
[WhiteElo "2315"]
[BlackElo "2350"]
[PlyCount "72"]
[EventDate "1991.10.??"]
[EventType "team-tourn"]
[EventRounds "9"]
[EventCountry "GER"]
[SourceTitle "GER-chT2"]
[Source "ChessBase"]
[SourceDate "1999.07.01"]
[SourceVersion "1"]
[SourceVersionDate "1999.07.01"]
[SourceQuality "1"]

1. d4 d5 2. c4 c6 3. Nf3 Nf6 4. Nc3 e6 5. Bg5 h6 6. Bh4 g5 7. Bg3 dxc4 8. e4 b5 9. Be2 b4 10. Na4 Nxe4 11. Be5 Nf6 12. Bxc4 Nbd7 13. 0-0 g4 14. Nd2 Nxe5 15. dxe5 Nd7 16. f4 gxf3 17. Qxf3 Nxe5 18. Qf2 Bg7 19. Ne4 0-0 20. Rad1 Qe7 21. Be2 Bd7 22. Nac5 Be8 23. Rd2 Rd8 24. Rxd8 Qxd8 25. Rd1 Qe7 26. Nd6 f5 27. Qe3 Bf7 28. Ncb7 Ng4 29. Bxg4 fxg4 30. b3 e5 31. Qxa7 Bd5 32. Qc5 Qh4 33. Qe3 e4 34. Nxe4 Bxe4 35. g3 Qe7 36. Nc5 Rf3 0-1

[Event "BL2-Sued 9192"]
[Site "Germany"]
[Date "1992.??.??"]
[Round "?"]
[White "Neurohr, Stephan"]
[Black "Maier, Christian"]
[Result "1/2-1/2"]
[WhiteElo "2315"]
[BlackElo "2400"]
[PlyCount "151"]
[EventDate "1991.10.??"]
[EventType "team-tourn"]
[EventRounds "9"]
[EventCountry "GER"]
[SourceTitle "GER-chT2"]
[Source "ChessBase"]
[SourceDate "1999.07.01"]
[SourceVersion "1"]
[SourceVersionDate "1999.07.01"]
[SourceQuality "1"]

1. d4 d5 2. c4 e6 3. Nc3 c6 4. Nf3 Be7 5. Qc2 Nf6 6. Bg5 Nbd7 7. e3 0-0 8. Rd1 Re8 9. a3 a6 10. Bd3 h6 11. Bf4 dxc4 12. Bxc4 Nd5 13. 0-0 Nxf4 14. exf4 Qc7 15. Ne5 Nxe5 16. fxe5 g6 17. Rfe1 Kg7 18. Re3 Bd7 19. Ne4 Rad8 20. Rh3 Rh8 21. b4 a5 22. Qd2 axb4 23. axb4 b6 24. Qf4 Be8 25. Nf6 Ra8 26. Rb3 Qd8 27. Ne4 c5 28. bxc5 bxc5 29. Rbd3 cxd4 30. Rxd4 Qa5 31. Nd6 Rf8 32. h3 Bc6 33. Qe3 Qa3 34. R4d3 Qa7 35. Qxa7 Rxa7 36. Rc3 Ba8 37. Be2 Ra5 38. f4 Bd5 39. Bf3 Bxd6 40. exd6 Rd8 41. Bxd5 Rxd5 42. Rxd5 exd5 43. Rc6 Kf6 44. d7+ Ke7 45. f5 Kxd7 46. Ra6 gxf5 47. Rxh6 Ke7 48. Kf2 f6 49. Ke3 Ke6 50. Rh7 Ra8 51. Rb7 Ra3+ 52. Kf4 Ra4+ 53. Ke3 f4+ 54. Kd3 Ra2 55. Rg7 Ra3+ 56. Kd4 Ra4+ 57. Kd3 Ra1 58. Rg8 Rg1 59. Ke2 Kf5 60. Kf3 Re1 61. Rd8 Re3+ 62. Kf2 Rd3 63. Ke2 Rg3 64. Rxd5+ Ke4 65. Rd6 Rxg2+ 66. Kf1 Rh2 67. Rxf6 Kf3 68. Kg1 Rd2 69. Rf8 Re2 70. Kf1 Rc2 71. Kg1 Rc1+ 72. Kh2 Re1 73. Rf7 Re5 74. Kg1 Rg5+ 75. Kf1 Kg3 76. Ke2 1/2-1/2

[Event "Baden-GEO m"]
[Site "Karlsruhe"]
[Date "1991.05.05"]
[Round "2.4"]
[White "Gogichaishvili, Giorgi"]
[Black "Neurohr, Stephan"]
[Result "1/2-1/2"]
[WhiteElo "2410"]
[BlackElo "2335"]
[PlyCount "29"]
[EventDate "1991.05.04"]
[EventType "team-match"]
[EventRounds "2"]
[EventCountry "GER"]
[SourceTitle "EXT 2004"]
[Source "ChessBase"]
[SourceDate "2003.11.25"]
[SourceVersion "1"]
[SourceVersionDate "2003.11.25"]
[SourceQuality "1"]
[WhiteTeam "Georgia"]
[BlackTeam "Baden"]
[WhiteTeamCountry "GEO"]
[BlackTeamCountry "GER"]

1. e4 c5 2. Nc3 Nc6 3. g3 g6 4. Bg2 Bg7 5. d3 d6 6. Be3 e6 7. Qd2 Qa5 8. Nge2 Nd4 9. 0-0 Ne7 10. Rae1 Nec6 11. f4 0-0 12. g4 f5 13. exf5 exf5 14. g5 Bd7 15. Nc1 1/2-1/2

[Event "Borsodtavho-B"]
[Site "Borsodtavho"]
[Date "1991.??.??"]
[Round "9"]
[White "Kiss, Pal"]
[Black "Neurohr, Stephan"]
[Result "1-0"]
[WhiteElo "2305"]
[BlackElo "2350"]
[PlyCount "80"]
[EventDate "1991.05.??"]
[EventType "tourn"]
[EventRounds "13"]
[EventCountry "HUN"]
[EventCategory "4"]
[SourceTitle "EXT 2004"]
[Source "ChessBase"]
[SourceDate "2003.11.25"]
[SourceVersion "1"]
[SourceVersionDate "2003.11.25"]
[SourceQuality "1"]

1. d4 d5 2. c4 e6 3. Nc3 c5 4. cxd5 exd5 5. Nf3 Nc6 6. g3 c4 7. Bg2 Bb4 8. 0-0 Nge7 9. Ne5 0-0 10. Nxc6 bxc6 11. e4 dxe4 12. Nxe4 Bf5 13. Bd2 Rb8 14. Bg5 f6 15. Bf4 Bxe4 16. Bxe4 Bd6 17. Bxd6 Qxd6 18. Qc2 Qxd4 19. Rad1 Qxb2 20. Qxc4+ Kh8 21. Rd7 Rb7 22. Rfd1 f5 23. Bf3 a5 24. Kg2 h6 25. R1d2 Qb6 26. Qe6 Ng8 27. Rxb7 Qxb7 28. Qxc6 Qxc6 29. Bxc6 Ne7 30. Bf3 f4 31. Rd7 Ng6 32. Rd5 a4 33. Ra5 fxg3 34. hxg3 Ne7 35. Rxa4 Kh7 36. Ra7 Re8 37. a4 Kg6 38. a5 Kf6 39. a6 Nc8 40. Rc7 Nd6 1-0

[Event "Borsodtavho-B"]
[Site "Borsodtavho"]
[Date "1991.??.??"]
[Round "10"]
[White "Neurohr, Stephan"]
[Black "Fancsy, Imre"]
[Result "1-0"]
[WhiteElo "2350"]
[BlackElo "2310"]
[PlyCount "109"]
[EventDate "1991.05.??"]
[EventType "tourn"]
[EventRounds "13"]
[EventCountry "HUN"]
[EventCategory "4"]
[SourceTitle "EXT 2004"]
[Source "ChessBase"]
[SourceDate "2003.11.25"]
[SourceVersion "1"]
[SourceVersionDate "2003.11.25"]
[SourceQuality "1"]

1. d4 d5 2. c4 dxc4 3. Nf3 Nf6 4. Nc3 a6 5. e4 b5 6. e5 Nd5 7. a4 c6 8. axb5 Nxc3 9. bxc3 cxb5 10. Ng5 f6 11. Qf3 Ra7 12. e6 Bb7 13. d5 Qxd5 14. Qxd5 Bxd5 15. Be3 fxg5 16. Bxa7 Nc6 17. Rxa6 Nxa7 18. Rxa7 g6 19. Be2 Bg7 20. Kd2 Bxe6 21. Ra8+ Kd7 22. Rxh8 Bxh8 23. Rb1 Kc6 24. Bf3+ Kc5 25. Re1 Kd6 26. Bc6 Bd7 27. Bxd7 Kxd7 28. Ra1 Kd6 29. Ra8 Be5 30. h3 Kc5 31. Kc2 Kd5 32. Re8 Ke6 33. Rc8 Bd6 34. Rh8 Kf7 35. Ra8 b4 36. cxb4 Bxb4 37. f3 Be1 38. Kd1 Bg3 39. Rc8 h5 40. Rxc4 Kf6 41. Re4 h4 42. Ke2 Bd6 43. Kd3 Bf4 44. Kc4 e5 45. Kd5 Kf5 46. Kd6 Bg3 47. Ke7 Bf2 48. Kf7 Bg3 49. Ra4 Be1 50. Ra6 Kf4 51. Kxg6 Bd2 52. Ra2 Be3 53. Re2 e4 54. Rxe3 Kxe3 55. fxe4 1-0

[Event "Borsodtavho-B"]
[Site "Borsodtavho"]
[Date "1991.??.??"]
[Round "7"]
[White "Neurohr, Stephan"]
[Black "Lindstedt, Johan"]
[Result "1/2-1/2"]
[WhiteElo "2350"]
[BlackElo "2340"]
[PlyCount "47"]
[EventDate "1991.05.??"]
[EventType "tourn"]
[EventRounds "13"]
[EventCountry "HUN"]
[EventCategory "4"]
[SourceTitle "EXT 2004"]
[Source "ChessBase"]
[SourceDate "2003.11.25"]
[SourceVersion "1"]
[SourceVersionDate "2003.11.25"]
[SourceQuality "1"]

1. d4 f5 2. Nc3 Nf6 3. Bg5 e6 4. e4 fxe4 5. Nxe4 Be7 6. Bxf6 Bxf6 7. Qh5+ g6 8. Qh6 Qe7 9. Nxf6+ Qxf6 10. Nf3 Nc6 11. 0-0-0 d6 12. Bc4 Bd7 13. Rhe1 0-0-0 14. Rd2 Rde8 15. Qg5 Rhf8 16. Qxf6 Rxf6 17. Rde2 Kd8 18. c3 h6 19. h4 Na5 20. Bd3 Bc6 21. Be4 Kd7 22. Bxc6+ Nxc6 23. Kd2 Ref8 24. Kd3 1/2-1/2

[Event "Bundesliga 8990"]
[Site "Germany"]
[Date "1990.??.??"]
[Round "?.4"]
[White "Fahnenschmidt, Gerhard"]
[Black "Neurohr, Stephan"]
[Result "1/2-1/2"]
[WhiteElo "2405"]
[BlackElo "2325"]
[PlyCount "71"]
[EventDate "1989.10.??"]
[EventType "team-tourn"]
[EventRounds "15"]
[EventCountry "GER"]
[SourceTitle "GER-chT"]
[Source "ChessBase"]
[SourceDate "1999.07.01"]
[SourceVersion "1"]
[SourceVersionDate "1999.07.01"]
[SourceQuality "1"]
[WhiteTeam "Sindelfingen"]
[BlackTeam "Heidelberg"]
[WhiteTeamCountry "GER"]
[BlackTeamCountry "GER"]

1. d4 Nf6 2. c4 g6 3. Nc3 Bg7 4. e4 0-0 5. Nf3 d6 6. Be2 e5 7. 0-0 Nc6 8. d5 Ne7 9. Ne1 Nd7 10. Nd3 f5 11. Bd2 Nf6 12. f3 f4 13. c5 g5 14. cxd6 cxd6 15. Nf2 Ng6 16. Qc2 h5 17. h3 Rf7 18. Rfc1 g4 19. fxg4 hxg4 20. hxg4 Ne8 21. a4 Bf6 22. Ncd1 Bh4 23. Ra3 Bg3 24. Rc3 Bd7 25. Nh3 Qh4 26. Ndf2 Rh7 27. Be1 f3 28. Bxf3 Nf4 29. Kf1 Nxh3 30. Nxh3 Nf6 31. Bxg3 Qxg3 32. Qf2 Qh2 33. Qg1 Qg3 34. Qf2 Qh2 35. Qg1 Qg3 36. Qf2 1/2-1/2

[Event "Bundesliga 8990"]
[Site "Germany"]
[Date "1990.??.??"]
[Round "?.4"]
[White "Lehmann, Klaus"]
[Black "Neurohr, Stephan"]
[Result "1/2-1/2"]
[WhiteElo "2315"]
[BlackElo "2325"]
[PlyCount "80"]
[EventDate "1989.10.??"]
[EventType "team-tourn"]
[EventRounds "15"]
[EventCountry "GER"]
[SourceTitle "GER-chT"]
[Source "ChessBase"]
[SourceDate "1999.07.01"]
[SourceVersion "1"]
[SourceVersionDate "1999.07.01"]
[SourceQuality "1"]
[WhiteTeam "Lasker Steglitz"]
[BlackTeam "Heidelberg"]
[WhiteTeamCountry "GER"]
[BlackTeamCountry "GER"]

1. e4 c5 2. c3 d5 3. exd5 Qxd5 4. d4 Nf6 5. Nf3 Nc6 6. Be3 cxd4 7. cxd4 e6 8. Nc3 Qd6 9. a3 Be7 10. Bd3 0-0 11. Qe2 b6 12. 0-0 Bb7 13. Rad1 Rad8 14. Bb1 Qb8 15. Ba2 Rfe8 16. d5 exd5 17. Nxd5 Nxd5 18. Bxd5 Bf6 19. Qc4 Rxd5 20. Rxd5 Na5 21. Rxa5 bxa5 22. Ng5 Re7 23. Qd3 g6 24. h4 Qc8 25. Qd6 Qc6 26. Qxc6 Bxc6 27. Rc1 Be8 28. b4 a4 29. Rc2 a6 30. Nf3 Kg7 31. Rc8 Bd7 32. Ra8 Re6 33. Bc5 h6 34. Ra7 Bb5 35. Bd4 Bxd4 36. Nxd4 Re1+ 37. Kh2 Ra1 38. Nxb5 axb5 39. Rb7 Rxa3 40. Rxb5 Rb3 1/2-1/2

[Event "St Ingbert op"]
[Site "St Ingbert"]
[Date "1990.??.??"]
[Round "5"]
[White "Neurohr, Stephan"]
[Black "Degen, Wladimir"]
[Result "0-1"]
[WhiteElo "2325"]
[BlackElo "2225"]
[PlyCount "36"]
[EventDate "1990.08.??"]
[EventType "swiss"]
[EventRounds "9"]
[EventCountry "GER"]
[SourceTitle "EXT 1997"]
[Source "ChessBase"]
[SourceDate "1996.11.15"]
[SourceVersion "1"]
[SourceVersionDate "1996.11.15"]
[SourceQuality "1"]

1. d4 Nc6 2. e4 d5 3. Nc3 Nf6 4. exd5 Nxd5 5. Nge2 Bf5 6. Ng3 Bg6 7. a3 e6 8. Bb5 Be7 9. 0-0 0-0 10. Nce4 f5 11. Bxc6 bxc6 12. Nd2 c5 13. dxc5 Bxc5 14. Nb3 Bd6 15. c4 Nf6 16. Nd4 Qd7 17. f4 Bc5 18. Be3 Ng4 0-1

[Event "Bundesliga 9091"]
[Site "Germany"]
[Date "1990.??.??"]
[Round "?.2"]
[White "Neurohr, Stephan"]
[Black "Lorenz, Sascha"]
[Result "1/2-1/2"]
[WhiteElo "2350"]
[BlackElo "2325"]
[PlyCount "49"]
[EventDate "1990.10.06"]
[EventType "team-tourn"]
[EventRounds "15"]
[EventCountry "GER"]
[SourceTitle "GER-chT"]
[Source "ChessBase"]
[SourceDate "1999.07.01"]
[SourceVersion "1"]
[SourceVersionDate "1999.07.01"]
[SourceQuality "1"]
[WhiteTeam "Heidelberg"]
[BlackTeam "Koenig Tegel"]
[WhiteTeamCountry "GER"]
[BlackTeamCountry "GER"]

1. d4 Nf6 2. c4 c5 3. d5 b5 4. Nf3 b4 5. Nbd2 g6 6. e4 d6 7. a3 Na6 8. e5 Ng4 9. Ne4 Bg7 10. exd6 0-0 11. Bd3 exd6 12. 0-0 f5 13. Neg5 h6 14. Ne6 Bxe6 15. dxe6 Re8 16. h3 Ne5 17. g4 Nxd3 18. Qxd3 fxg4 19. hxg4 Rxe6 20. Kg2 bxa3 21. Rxa3 Nb4 22. Qb1 d5 23. Rh1 g5 24. Nxg5 Rf6 25. Nh7 1/2-1/2

[Event "Bundesliga 8990"]
[Site "Germany"]
[Date "1990.??.??"]
[Round "?.4"]
[White "Stein, Bernd"]
[Black "Neurohr, Stephan"]
[Result "0-1"]
[WhiteElo "2415"]
[BlackElo "2325"]
[PlyCount "84"]
[EventDate "1989.10.??"]
[EventType "team-tourn"]
[EventRounds "15"]
[EventCountry "GER"]
[SourceTitle "GER-chT"]
[Source "ChessBase"]
[SourceDate "1999.07.01"]
[SourceVersion "1"]
[SourceVersionDate "1999.07.01"]
[SourceQuality "1"]
[WhiteTeam "Dortmund"]
[BlackTeam "Heidelberg"]
[WhiteTeamCountry "GER"]
[BlackTeamCountry "GER"]

1. b3 e5 2. Bb2 Nc6 3. c4 Nf6 4. e3 d5 5. cxd5 Nxd5 6. a3 Bd6 7. Qc2 0-0 8. Nf3 Qe7 9. d3 f5 10. b4 Kh8 11. Nbd2 Bd7 12. Be2 b5 13. Nb3 a5 14. bxa5 Nxa5 15. 0-0 Nc6 16. Nfd2 Bxa3 17. Bxa3 Rxa3 18. Rxa3 Qxa3 19. d4 Qe7 20. Bxb5 Nxd4 21. Nxd4 exd4 22. Bxd7 dxe3 23. Bb5 exd2 24. Qxd2 Qc5 25. Bd3 Qd4 26. Rd1 Ra8 27. g3 Ra1 28. Rxa1 Qxa1+ 29. Kg2 Qa8 30. Kg1 Qa1+ 31. Kg2 Qe5 32. Qa2 h6 33. Qa8+ Kh7 34. Qf8 Nf4+ 35. gxf4 Qd5+ 36. f3 Qxd3 37. Qc5 Qd6 38. Qxf5+ Qg6+ 39. Qg4 h5 40. f5 Qxg4+ 41. fxg4 Kh6 42. gxh5 Kg5 0-1